| 000 | 01018cam a2200181 4500 | ||
|---|---|---|---|
| 001 | L136292 | ||
| 008 | 070123n 000 0 eng u | ||
| 035 | _a(Sirsi) u136292 | ||
| 041 | 0 | _aeng | |
| 110 | 1 |
_aForestry Commission _9804 |
|
| 245 | 0 | 0 |
_aBiomass energy centre _h[electronic resource] |
| 520 | _aProvides advice and guidance on a wide range of biomass fuels and conversion technologies. Gives information on some of the properties, pros and cons of biomass fuels; highlights issues to consider when planning biomass systems, production and supply; explains the attributes of fuel sources, processing equipment and conversion technologies; and provides resources including publications and links. | ||
| 590 | _aKA | ||
| 651 | 4 |
_aUnited Kingdom _y |
|
| 690 | _aENVIRONMENTAL AND LAND CONSULTANCY-ENERGY-RENEWABLE ENERGY | ||
| 856 | 4 | 0 |
_uhttps://www.biomassenergycentre.org.uk/portal/page?_pageid=73,1&_dad=portal&_schema=PORTAL _zView the website free of charge at www.biomassenergycentre.org.uk... |
| 942 | _n0 | ||
| 999 |
_c120565 _d120565 |
||